| 000 | 00582nam a2200193Ia 4500 | ||
|---|---|---|---|
| 003 | GCL | ||
| 008 | 140319s9999 xx 000 0 ara d | ||
| 040 |
_aGCL / _cGCL |
||
| 082 | 0 | 4 |
_aق _b962.02 _bم م |
| 100 | 1 | _aمحمد قنديل البقلى | |
| 245 | 1 | 0 |
_aالمختار من تاريخ الجبرتى / _cمحمد قنديل البقلى |
| 260 |
_aالقاهرة : _bمطابع الشعب ، _c1958 |
||
| 300 |
_a120 ص ؛ _c30 سم |
||
| 490 |
_aكتاب الشعب _v27 |
||
| 650 | 0 | 4 | _aمصر |
| 650 | 0 | 4 | _aتاريخ |
| 650 | 0 | 4 | _aالجبرتى |
| 942 |
_2ddc _cBK |
||
| 999 |
_c51046 _d51046 |
||